[Event "Mitropa Cup"]
[Site "Charleville (Frankreich)"]
[Date "2000.11.26"]
[Round "2.3"]
[White "Pingitzer, Harald"]
[Black "Ruck, Robert"]
[Result "0-1"]
[WhiteElo "2278"]
[BlackElo "2489"]
[Annotator "AUTRICHE-HONGRIE"]
[PlyCount "92"]
[EventDate "2000.11.26"]

1. d4 Nf6 2. Nf3 g6 3. c4 Bg7 4. g3 d5 5. Bg2 dxc4 6. Na3 Nc6 7. Nxc4 Be6 8. b3
O-O 9. O-O Bd5 10. Bb2 a5 11. Rc1 a4 12. bxa4 Ra6 13. Nfe5 Bxg2 14. Kxg2 Qa8
15. Nxc6 bxc6 16. a5 c5+ 17. Kg1 Rd8 18. d5 Nxd5 19. Qc2 Nb4 20. Qb1 Bxb2 21.
Qxb2 Nc6 22. e3 Nxa5 23. Nxa5 Rxa5 24. Qe5 Rd7 25. Rfd1 c4 26. Qf4 Rxd1+ 27.
Rxd1 Rxa2 28. Qxc7 Ra1 29. Rxa1 Qxa1+ 30. Kg2 Qa8+ 31. f3 Qa2+ 32. Kh3 Qa6 33.
e4 Qa3 34. f4 c3 35. Qc8+ Kg7 36. Qc4 Qc1 37. Qd4+ f6 38. e5 Qf1+ 39. Kh4 Qe2
40. Kh3 c2 41. exf6+ exf6 42. Qd7+ Kh6 43. Qc6 Qf1+ 44. Kh4 c1=Q 45. Qxf6 Qc5
46. Qg5+ Qxg5+ 0-1

[Event "Mitropa Cup"]
[Site "Charleville (Frankreich)"]
[Date "2000.11.26"]
[Round "2.4"]
[White "Horvath, Adam"]
[Black "Fusi, Christoph"]
[Result "1-0"]
[WhiteElo "2425"]
[BlackElo "2275"]
[Annotator "HONGRIE-AUTRICHE"]
[PlyCount "69"]
[EventDate "2000.11.26"]

1. e4 c6 2. d4 d5 3. Nc3 dxe4 4. Nxe4 Nd7 5. Ng5 Ngf6 6. Bd3 e6 7. N1f3 Bd6 8.
Qe2 h6 9. Ne4 Nxe4 10. Qxe4 Nf6 11. Qe2 Qc7 12. Bd2 b6 13. O-O-O Bb7 14. Ne5
O-O-O 15. f4 Kb8 16. Kb1 c5 17. dxc5 Bxc5 18. Rhe1 Rhe8 19. g4 Re7 20. g5 hxg5
21. fxg5 Nd5 22. g6 f6 23. Nf7 Rc8 24. Qg4 e5 25. h4 Rce8 26. Be4 Bc8 27. Qf3
Nf4 28. b4 f5 29. Bc6 Rf8 30. Bxf4 exf4 31. bxc5 Be6 32. Bd5 Bxd5 33. Qxd5 Rxe1
34. Rxe1 bxc5 35. Ka1 1-0

[Event "Mitropa Cup"]
[Site "Charleville (Frankreich)"]
[Date "2000.11.26"]
[Round "2.1"]
[White "Hauchard, Arnaud"]
[Black "Gustafsson, Jan"]
[Result "1/2-1/2"]
[WhiteElo "2539"]
[BlackElo "2506"]
[Annotator "FRANCE-ALLEMAGNE"]
[PlyCount "34"]
[EventDate "2000.11.26"]

1. c4 Nf6 2. Nc3 e5 3. Nf3 Nc6 4. a3 e4 5. Ng5 Qe7 6. e3 h6 7. Nh3 Ne5 8. f4
Neg4 9. Be2 d6 10. O-O g6 11. Nf2 h5 12. h3 Nxf2 13. Rxf2 Bg7 14. Nd5 Nxd5 15.
cxd5 O-O 16. Rb1 c6 17. dxc6 bxc6 1/2-1/2

[Event "Mitropa Cup"]
[Site "Charleville (Frankreich)"]
[Date "2000.11.26"]
[Round "2.3"]
[White "Degraeve, Jean-Marc"]
[Black "Grund, Holger"]
[Result "1-0"]
[WhiteElo "2540"]
[BlackElo "2475"]
[Annotator "FRANCE-ALLEMAGNE"]
[PlyCount "111"]
[EventDate "2000.11.26"]

1. e4 c6 2. c4 d5 3. exd5 cxd5 4. cxd5 Nf6 5. Nc3 Nxd5 6. Nf3 e6 7. d4 Bb4 8.
Bd2 O-O 9. Bd3 Nc6 10. O-O Be7 11. Qe2 Nf6 12. Rad1 Nxd4 13. Nxd4 Qxd4 14. Bg5
Qc5 15. Ne4 Nxe4 16. Qxe4 g6 17. Be3 Qd5 18. Bb1 Qxe4 19. Bxe4 Kg7 20. Rc1 Rd8
21. Rfd1 Rxd1+ 22. Rxd1 e5 23. h3 a5 24. Rc1 Bd6 25. Bc5 Bxc5 26. Rxc5 Kf6 27.
a3 Be6 28. Bxb7 Rb8 29. Bc6 a4 30. Bxa4 Rxb2 31. Bb5 Ke7 32. a4 Kd6 33. Rc6+
Kd5 34. Rc1 Kd6 35. Ra1 Kc5 36. Bf1 Ra2 37. Rxa2 Bxa2 38. a5 Be6 39. g4 f6 40.
f3 Bc8 41. Kf2 Kd4 42. a6 f5 43. gxf5 gxf5 44. a7 Bb7 45. Ba6 Bd5 46. Bc8 e4
47. Bxf5 exf3 48. Bg4 Kc5 49. Bxf3 Kb6 50. Bxd5 Kxa7 51. Ke3 Kb6 52. Kd4 Kc7
53. Ke5 Kd7 54. Kf6 Ke8 55. Kg7 h5 56. h4 1-0

[Event "Mitropa Cup"]
[Site "Charleville (Frankreich)"]
[Date "2000.11.26"]
[Round "2.4"]
[White "Handke, Florian"]
[Black "Prie, Eric"]
[Result "1/2-1/2"]
[WhiteElo "2455"]
[BlackElo "2492"]
[Annotator "ALLEMAGNE-FRANCE"]
[PlyCount "36"]
[EventDate "2000.11.26"]

1. e4 c5 2. Nf3 Nc6 3. d4 cxd4 4. Nxd4 g6 5. c4 Nf6 6. Nc3 d6 7. Be2 Nxd4 8.
Qxd4 Bg7 9. Be3 O-O 10. Qd2 Be6 11. Rc1 Qa5 12. O-O Rfc8 13. b3 a6 14. f3 b5
15. Nd5 Qxd2 16. Bxd2 Nxd5 17. cxd5 Bd4+ 18. Kh1 Bd7 1/2-1/2

[Event "Mitropa Cup"]
[Site "Charleville (Frankreich)"]
[Date "2000.11.27"]
[Round "3.1"]
[White "Gustafsson, Jan"]
[Black "Tratar, Marko"]
[Result "1-0"]
[WhiteElo "2506"]
[BlackElo "2410"]
[Annotator "ALLEMAGNE-SLOVENIE"]
[PlyCount "149"]
[EventDate "2000.11.27"]

1. d4 Nf6 2. c4 d6 3. Nc3 e5 4. Nf3 Nbd7 5. Bg5 h6 6. Bh4 c6 7. e3 Be7 8. Qc2
Nh5 9. Bxe7 Qxe7 10. Be2 Nhf6 11. O-O O-O 12. b4 Re8 13. Rab1 Nf8 14. c5 exd4
15. cxd6 Qxd6 16. Nxd4 a5 17. a3 axb4 18. axb4 Nd5 19. Nxd5 Qxd5 20. Rfd1 Qg5
21. Rbc1 Bh3 22. Bf1 Bg4 23. Re1 Ne6 24. Nb3 Qe7 25. Qc4 Bf5 26. b5 cxb5 27.
Qxb5 Be4 28. Qe5 Bc6 29. Na5 Nd8 30. Nxc6 Nxc6 31. Qb2 Red8 32. Rc4 Rd7 33. Rg4
Qe5 34. Qxe5 Nxe5 35. Rb4 Ra2 36. Reb1 Ra7 37. Rb5 Nc6 38. R5b2 g6 39. g4 Kg7
40. Kg2 Ne5 41. Kg3 Nc6 42. Bg2 Nd8 43. h3 Kf8 44. Bf3 Ke7 45. h4 Kf8 46. Rb5
Kg7 47. Bd5 Nc6 48. Be4 Ra4 49. Bf3 Ra7 50. R1b2 Nd8 51. Rb6 Ra6 52. R6b5 Ra7
53. R5b4 Nc6 54. Rb6 Nd8 55. R2b5 Ra6 56. Rxa6 bxa6 57. Ra5 Ra7 58. Bd5 Kf6 59.
f4 Ke7 60. Be4 Ne6 61. Bd3 Kd6 62. Rxa6+ Rxa6 63. Bxa6 Nc5 64. Bc4 f6 65. Kf3
g5 66. h5 Ke7 67. Bd5 Kd6 68. Ba2 Ke7 69. Bc4 Kd6 70. e4 Ke7 71. fxg5 fxg5 72.
e5 Kd7 73. Ke3 Kc6 74. Kd4 Nd7 75. Ke4 1-0

[Event "Mitropa Cup"]
[Site "Charleville (Frankreich)"]
[Date "2000.11.27"]
[Round "3.2"]
[White "Soln, Primoz"]
[Black "Doettling, Fabian"]
[Result "1/2-1/2"]
[WhiteElo "2413"]
[BlackElo "2473"]
[Annotator "SLOVENIE-ALLEMAGNE"]
[PlyCount "26"]
[EventDate "2000.11.27"]

1. d4 Nf6 2. c4 e6 3. Nf3 d5 4. Nc3 Be7 5. Bg5 O-O 6. cxd5 exd5 7. e3 Nbd7 8.
Qc2 c6 9. Bd3 Re8 10. O-O Nf8 11. Ne5 Ng4 12. Bxe7 Qxe7 13. Nxg4 Bxg4 1/2-1/2

[Event "Mitropa Cup"]
[Site "Charleville (Frankreich)"]
[Date "2000.11.27"]
[Round "3.1"]
[White "Varga, Zoltan"]
[Black "Hauchard, Arnaud"]
[Result "1-0"]
[WhiteElo "2541"]
[BlackElo "2539"]
[Annotator "HONGRIE-FRANCE"]
[PlyCount "61"]
[EventDate "2000.11.27"]

1. e4 c5 2. Nf3 d6 3. d4 Nf6 4. dxc5 Qa5+ 5. c3 Qxc5 6. Bd3 e6 7. O-O Be7 8. c4
Nbd7 9. Nc3 a6 10. b3 O-O 11. Bb2 Ng4 12. Rc1 Nge5 13. Bb1 Nxf3+ 14. Qxf3 Nf6
15. Na4 Qc7 16. c5 dxc5 17. Nxc5 Bxc5 18. b4 Bxf2+ 19. Rxf2 Qe7 20. Qg3 e5 21.
Bxe5 Nh5 22. Bd6 Nxg3 23. Bxe7 Re8 24. Rc7 Nh5 25. e5 Be6 26. Rxb7 Rac8 27. Bd3
Bc4 28. Bf5 Rb8 29. Rc7 g6 30. Bd6 Bd5 31. Bd7 1-0

[Event "Mitropa Cup"]
[Site "Charleville (Frankreich)"]
[Date "2000.11.27"]
[Round "3.3"]
[White "Ruck, Robert"]
[Black "Eliet, Nicolas"]
[Result "1/2-1/2"]
[WhiteElo "2489"]
[BlackElo "2391"]
[Annotator "HONGRIE-FRANCE"]
[PlyCount "77"]
[EventDate "2000.11.27"]

1. Nf3 d5 2. d4 Nf6 3. c4 dxc4 4. e3 e6 5. Bxc4 c5 6. O-O a6 7. Bb3 Nc6 8. Nc3
Be7 9. Qe2 cxd4 10. Rd1 O-O 11. Nxd4 Qc7 12. Nxc6 Qxc6 13. e4 Rd8 14. Bg5 h6
15. Bh4 Qe8 16. e5 Rxd1+ 17. Rxd1 Nd7 18. Bxe7 Qxe7 19. Bc2 Nf8 20. Ne4 Bd7 21.
Nd6 Bc6 22. Be4 Bxe4 23. Qxe4 Rb8 24. g3 Qc7 25. Kg2 Nd7 26. Rd2 Nb6 27. Rc2
Qd7 28. Qe3 Nc8 29. Ne4 Ne7 30. Qa7 Rc8 31. Rxc8+ Nxc8 32. Qc5 b6 33. Qc4 a5
34. a4 Ne7 35. Nd6 Nc6 36. f4 Nb4 37. b3 Nd5 38. Kf3 f6 39. Qb5 1/2-1/2

[Event "Mitropa Cup"]
[Site "Charleville (Frankreich)"]
[Date "2000.11.27"]
[Round "3.1"]
[White "Jenni, Florian"]
[Black "Balinov, Ilija"]
[Result "1-0"]
[WhiteElo "2440"]
[BlackElo "2453"]
[Annotator "SUISSE-AUTRICHE"]
[PlyCount "105"]
[EventDate "2000.11.27"]

1. e4 c5 2. Nf3 d6 3. d4 Nf6 4. Nc3 cxd4 5. Nxd4 Nc6 6. f3 Qb6 7. Nb3 Be6 8.
Bg5 g6 9. Nd5 Bxd5 10. exd5 Nb4 11. Bxf6 exf6 12. c3 Qe3+ 13. Be2 Na6 14. Na5
Bh6 15. Nxb7 O-O 16. Qd3 Nc7 17. Qxe3 Bxe3 18. Nxd6 Nxd5 19. Rd1 Nf4 20. Kf1 a5
21. Nc4 Rfe8 22. g3 Nh3 23. Nxe3 Rxe3 24. Rd3 Re7 25. Bd1 Rb8 26. Rd2 Reb7 27.
b3 Ng5 28. Kf2 Rc7 29. c4 a4 30. bxa4 Rxc4 31. h4 Ne6 32. Bb3 Rc3 33. Rb1 Rb7
34. a5 Nc5 35. Bc2 Rxc2 36. Rxc2 Rxb1 37. Rxc5 Rb2+ 38. Ke3 Rxa2 39. g4 Ra4 40.
Kd3 Kf8 41. Kc3 Ke7 42. Kb3 Ra1 43. Kb4 Kd6 44. Rc3 h5 45. gxh5 gxh5 46. Rc4 f5
47. Kb5 Ra3 48. a6 Kd7 49. Ra4 Rb3+ 50. Kc4 Rb8 51. a7 Ra8 52. Kd5 Kc7 53. Ke5
1-0

[Event "Mitropa Cup"]
[Site "Charleville (Frankreich)"]
[Date "2000.11.27"]
[Round "3.2"]
[White "Kuba, Guenter"]
[Black "Ekstroem, Roland"]
[Result "0-1"]
[WhiteElo "2260"]
[BlackElo "2487"]
[Annotator "AUTRICHE-SUISSE"]
[PlyCount "74"]
[EventDate "2000.11.27"]

1. e4 c5 2. Nf3 e6 3. c3 d5 4. exd5 Qxd5 5. d4 Nf6 6. Be2 Nc6 7. O-O cxd4 8.
cxd4 Be7 9. Nc3 Qd6 10. Bg5 O-O 11. Qd2 b6 12. Rad1 Bb7 13. Rfe1 Rfd8 14. a3
Nd5 15. Ne4 Bxg5 16. Qxg5 Qf4 17. Qxf4 Nxf4 18. Bf1 Rac8 19. Nc3 Kf8 20. g3 Nd5
21. Nxd5 Rxd5 22. Bg2 Rdd8 23. Ne5 Ba8 24. Nxc6 Bxc6 25. Rd2 Ke7 26. Kf1 Bxg2+
27. Kxg2 Rc4 28. Red1 Kd6 29. Kf3 Kd5 30. Re2 f6 31. Ke3 Rdc8 32. Rdd2 Ra4 33.
Rd3 Rc1 34. h4 h5 35. Red2 Rac4 36. Kf3 R1c2 37. Ke3 b5 0-1

[Event "Mitropa Cup"]
[Site "Charleville (Frankreich)"]
[Date "2000.11.27"]
[Round "3.4"]
[White "Fusi, Christoph"]
[Black "Zueger, Beat"]
[Result "1/2-1/2"]
[WhiteElo "2275"]
[BlackElo "2416"]
[Annotator "AUTRICHE-SUISSE"]
[PlyCount "87"]
[EventDate "2000.11.27"]

1. e4 e6 2. d4 d5 3. Nc3 Nf6 4. Bg5 dxe4 5. Nxe4 Be7 6. Bxf6 gxf6 7. Nf3 b6 8.
Bc4 Bb7 9. Qe2 c6 10. O-O-O Qc7 11. Rhe1 Nd7 12. Kb1 O-O-O 13. Ba6 Bxa6 14.
Qxa6+ Kb8 15. Qe2 Rhg8 16. g3 f5 17. Ned2 h5 18. Nc4 h4 19. Nce5 Nxe5 20. Nxe5
hxg3 21. hxg3 Bf6 22. Rd3 Bxe5 23. Qxe5 Qxe5 24. dxe5 Rxd3 25. cxd3 Kc7 26. Kc2
c5 27. Kc3 Kc6 28. d4 cxd4+ 29. Kxd4 Rg4+ 30. Kd3 Kd5 31. Re3 Re4 32. f4 Rxe3+
33. Kxe3 Kc4 34. Ke2 Kd4 35. Kd2 Ke4 36. Ke2 Kd4 37. Kd2 Ke4 38. Ke2 b5 39. a3
a5 40. b3 Kd4 41. Kd2 b4 42. a4 Ke4 43. Ke2 Kd4 44. Kd2 1/2-1/2

[Event "Mitropa Cup"]
[Site "Charleville (Frankreich)"]
[Date "2000.11.27"]
[Round "3.1"]
[White "Kozul, Zdenko"]
[Black "Belotti, Bruno"]
[Result "1-0"]
[WhiteElo "2611"]
[BlackElo "2417"]
[Annotator "CROATIE-ITALIE"]
[PlyCount "71"]
[EventDate "2000.11.27"]

1. d4 Nf6 2. Nf3 b6 3. c4 e6 4. Nc3 Bb4 5. e3 Bb7 6. Bd3 Ne4 7. O-O Bxc3 8.
bxc3 O-O 9. Qc2 f5 10. Ba3 c5 11. Rfd1 d6 12. d5 exd5 13. cxd5 Bxd5 14. Nd2 Qe7
15. Nf1 Qe6 16. f3 Ng5 17. c4 Bb7 18. Bb2 Nc6 19. h4 Nb4 20. Qc3 Nxf3+ 21. gxf3
Qg6+ 22. Kf2 Bxf3 23. Kxf3 Qg4+ 24. Kf2 Rf6 25. Ke1 f4 26. e4 Re8 27. Kd2 Qxh4
28. a3 Nc6 29. Kc2 Nd4+ 30. Kb1 g5 31. Nd2 g4 32. Ka2 f3 33. Nb3 Nxb3 34. Kxb3
Ref8 35. e5 dxe5 36. Qxe5 1-0

[Event "Mitropa Cup"]
[Site "Charleville (Frankreich)"]
[Date "2000.11.27"]
[Round "3.2"]
[White "Borgo, Giulio"]
[Black "Cvitan, Ognjen"]
[Result "1/2-1/2"]
[WhiteElo "2391"]
[BlackElo "2541"]
[Annotator "ITALIE-CROATIE"]
[PlyCount "79"]
[EventDate "2000.11.27"]

1. e4 c5 2. Nf3 d6 3. d4 cxd4 4. Qxd4 a6 5. Bg5 Nc6 6. Qd2 h6 7. Bh4 g5 8. Bg3
Nf6 9. Nc3 Be6 10. O-O-O Bg7 11. e5 dxe5 12. Qxd8+ Nxd8 13. Bxe5 Nc6 14. Nd5
Bxd5 15. Bxf6 Bxf6 16. Rxd5 e6 17. Rd1 Ke7 18. a3 g4 19. Nd2 Rad8 20. c3 Be5
21. Kc2 f5 22. Bc4 Rd6 23. g3 Bf6 24. h3 h5 25. hxg4 hxg4 26. Rxh8 Bxh8 27. Rh1
Bg7 28. Be2 Ne5 29. a4 Rd8 30. a5 Rh8 31. Rxh8 Bxh8 32. b4 Kd6 33. Nc4+ Nxc4
34. Bxc4 e5 35. b5 axb5 36. Bxb5 e4 37. a6 bxa6 38. Bxa6 Bf6 39. Bc8 Ke5 40.
Kd2 1/2-1/2

[Event "Mitropa Cup"]
[Site "Charleville (Frankreich)"]
[Date "2000.11.27"]
[Round "3.3"]
[White "Sulava, Nenad"]
[Black "Mantovani, Renzo"]
[Result "1-0"]
[WhiteElo "2549"]
[BlackElo "2410"]
[Annotator "CROATIE-ITALIE"]
[PlyCount "81"]
[EventDate "2000.11.27"]

1. d4 Nf6 2. c4 c5 3. d5 g6 4. Nc3 Bg7 5. e4 O-O 6. Bd3 d6 7. Nf3 a6 8. a4 e5
9. g3 Ne8 10. Nh4 f5 11. exf5 gxf5 12. f4 e4 13. Be2 Bd4 14. Ng2 Nd7 15. Be3
Bg7 16. h3 b6 17. g4 Ra7 18. Qd2 Rf7 19. g5 Nf8 20. h4 Rfb7 21. Kf2 Nc7 22. h5
b5 23. axb5 axb5 24. Rxa7 Rxa7 25. cxb5 Rb7 26. h6 Bh8 27. Rb1 Bd7 28. b4 c4
29. Bxc4 Bxb5 30. Bd4 Bxc4 31. Bxh8 Bd3 32. Bf6 Qb8 33. Rb2 Rxb4 34. Rxb4 Qxb4
35. Ne3 Nd7 36. Bg7 Nb6 37. Qa2 Qc5 38. Qa7 Kf7 39. Qb8 Ncxd5 40. Qf8+ Ke6 41.
Qxf5+ 1-0

[Event "Mitropa Cup"]
[Site "Charleville (Frankreich)"]
[Date "2000.11.27"]
[Round "3.4"]
[White "Lanzani, Mario"]
[Black "Golubovic, Boris"]
[Result "0-1"]
[WhiteElo "2419"]
[BlackElo "2466"]
[Annotator "ITALIE-CROATIE"]
[PlyCount "78"]
[EventDate "2000.11.27"]

1. e4 d5 2. exd5 Qxd5 3. Nc3 Qa5 4. d4 Nf6 5. Nf3 c6 6. Bc4 Bf5 7. Bd2 e6 8.
Ne4 Qc7 9. Ng3 Bg4 10. h3 Bxf3 11. Qxf3 Nbd7 12. O-O-O Bd6 13. Rhe1 O-O-O 14.
Ne4 Nxe4 15. Rxe4 Nf6 16. Ree1 h6 17. Bb3 Qe7 18. c4 Bb4 19. Bc3 Bxc3 20. Qxc3
Qc7 21. Qe3 Kb8 22. Qe5 Rd7 23. Kc2 Rhd8 24. Kc3 b6 25. Qxc7+ Kxc7 26. Bc2 b5
27. b4 bxc4 28. Kxc4 Ne8 29. a4 a5 30. bxa5 Rd5 31. Re5 Nd6+ 32. Kc3 Ra8 33.
Rxd5 cxd5 34. f4 Rxa5 35. g4 Ra6 36. Rf1 Rc6+ 37. Kd3 Ne4 38. Rc1 Rc3+ 39. Ke2
Kd6 0-1

[Event "Mitropa Cup"]
[Site "Charleville (Frankreich)"]
[Date "2000.11.27"]
[Round "3.1"]
[White "Plachetka, Jan"]
[Black "Kalod, Radek"]
[Result "1/2-1/2"]
[WhiteElo "2373"]
[BlackElo "2483"]
[Annotator "SLOVAQUIE-REPUBLIQUE TCHEQUE"]
[PlyCount "116"]
[EventDate "2000.11.27"]

1. d4 Nf6 2. Nf3 c5 3. d5 b5 4. Bg5 Ne4 5. Bf4 Bb7 6. Qd3 Qa5+ 7. Nbd2 Nf6 8.
e4 c4 9. Qc3 Qxc3 10. bxc3 Nh5 11. Be3 f5 12. exf5 Bxd5 13. Nd4 a6 14. a4 Nc6
15. Be2 Nf6 16. axb5 Nxd4 17. Bxd4 axb5 18. Rxa8+ Bxa8 19. O-O g6 20. Ra1 Bc6
21. Bf3 Bg7 22. Bxc6 dxc6 23. fxg6 hxg6 24. Nf3 O-O 25. Ne5 c5 26. Bxc5 Ne4 27.
Bd4 Bxe5 28. Bxe5 Nxf2 29. Ra6 Kh7 30. Re6 Rf7 31. Bd4 Ng4 32. Bc5 Nf6 33. Rxe7
Rxe7 34. Bxe7 Nd5 35. Bb4 Ne3 36. Kf2 Nxc2 37. Bc5 Kg7 38. Ke2 Kf6 39. Kd2 Na1
40. Bb6 Kf5 41. Kc1 Ke4 42. Kb2 Nb3 43. Ka3 Kd3 44. Kb4 Nc1 45. Kxb5 Ne2 46.
Ba5 Nxc3+ 47. Kc6 Nd1 48. Kd5 Ne3+ 49. Ke5 Nxg2 50. Kf6 Nh4 51. h3 Ng2 52. Kxg6
Nf4+ 53. Kf5 Nxh3 54. Kg4 Ng1 55. Kg3 Ne2+ 56. Kf2 Nd4 57. Kf1 Nb5 58. Ke1 Nd4
1/2-1/2

[Event "Mitropa Cup"]
[Site "Charleville (Frankreich)"]
[Date "2000.11.27"]
[Round "3.2"]
[White "Vavra, Pavel"]
[Black "Likavsky, Tomas"]
[Result "1-0"]
[WhiteElo "2393"]
[BlackElo "2409"]
[Annotator "REPUBLIQUE TCHEQUE-SLOVAQUIE"]
[PlyCount "80"]
[EventDate "2000.11.27"]

1. e4 e6 2. d3 d5 3. Nd2 Nf6 4. Ngf3 c5 5. g3 Nc6 6. Bg2 Be7 7. O-O Qc7 8. Re1
b6 9. e5 Nd7 10. c4 dxc4 11. Nxc4 Bb7 12. Bg5 O-O 13. Bf4 Rad8 14. Ng5 Nd4 15.
Ne4 Kh8 16. Qh5 Qc6 17. Ne3 Qc8 18. g4 f6 19. Nc4 Qa8 20. Re3 Rfe8 21. Rae1 f5
22. gxf5 exf5 23. Ng5 Bxg5 24. Bxb7 Qxb7 25. Bxg5 Re6 26. Bxd8 Rg6+ 27. Rg3 Nf8
28. Rxg6 Nxg6 29. Re3 Kg8 30. Rh3 Nf8 31. Nd6 Qd7 32. Qe8 Qxe8 33. Nxe8 Nfe6
34. Bh4 Kf8 35. Nd6 g5 36. Bxg5 Nxg5 37. Rh5 Ndf3+ 38. Kg2 Kg7 39. h4 Ne1+ 40.
Kf1 Ngf3 1-0

[Event "Mitropa Cup"]
[Site "Charleville (Frankreich)"]
[Date "2000.11.27"]
[Round "3.3"]
[White "Balogh, Tomas"]
[Black "Pisk, Petr"]
[Result "1/2-1/2"]
[WhiteElo "2421"]
[BlackElo "2400"]
[Annotator "SLOVAQUIE-REPUBLIQUE TCHEQUE"]
[PlyCount "25"]
[EventDate "2000.11.27"]

1. d4 Nf6 2. Nf3 e6 3. c4 c5 4. Nc3 a6 5. e3 d5 6. dxc5 Bxc5 7. a3 dxc4 8.
Qxd8+ Kxd8 9. Bxc4 b5 10. Be2 Bb7 11. b4 Bd6 12. Bb2 Ke7 13. O-O 1/2-1/2

[Event "Mitropa Cup"]
[Site "Charleville (Frankreich)"]
[Date "2000.11.27"]
[Round "3.4"]
[White "Vrana, Frantisek"]
[Black "Kujovic, Michal"]
[Result "1-0"]
[WhiteElo "2285"]
[BlackElo "2244"]
[Annotator "REPUBLIQUE TCHEQUE-SLOVAQUIE"]
[PlyCount "79"]
[EventDate "2000.11.27"]

1. d4 d5 2. Nc3 Bf5 3. f3 e6 4. e4 dxe4 5. fxe4 Bg6 6. Nf3 Bb4 7. Bd3 Nc6 8. a3
Ba5 9. Bg5 f6 10. Be3 Nge7 11. Qd2 Qd7 12. b4 Bb6 13. Ne2 e5 14. d5 Nd8 15. c4
Bxe3 16. Qxe3 c6 17. O-O cxd5 18. cxd5 Nf7 19. Nc3 Nd6 20. a4 O-O 21. a5 Rfc8
22. Na4 Qg4 23. Nd2 Be8 24. Be2 Qg6 25. Nc5 h6 26. Qh3 Qg5 27. Ra2 Ng6 28. Ne6
Qh4 29. Qe3 Bb5 30. g3 Qh3 31. Nf3 Nf8 32. Nc5 Rc7 33. Nh4 Rac8 34. Nf5 Bxe2
35. Qxe2 Nxf5 36. Rxf5 Rd8 37. Rd2 Rd6 38. Nd3 Rxd5 39. Rc2 Rxc2 40. Qxc2 1-0

[Event "Mitropa Cup"]
[Site "Charleville (Frankreich)"]
[Date "2000.11.28"]
[Round "4.2"]
[White "Vavra, Pavel"]
[Black "Soln, Primoz"]
[Result "0-1"]
[WhiteElo "2393"]
[BlackElo "2413"]
[Annotator "REPUBLIQUE TCHEQUE-SLOVENIE"]
[PlyCount "68"]
[EventDate "2000.11.28"]

1. e4 e6 2. d3 c5 3. Nf3 Nc6 4. g3 d5 5. Nbd2 g6 6. Bg2 Bg7 7. O-O Nge7 8. Re1
h6 9. exd5 exd5 10. d4 cxd4 11. Nb3 Bg4 12. h3 Bxf3 13. Qxf3 O-O 14. Bf4 b6 15.
Re2 Qd7 16. h4 Rad8 17. Rae1 Kh7 18. Kh2 Ng8 19. Bh3 Qb7 20. h5 g5 21. Bd2 Kh8
22. Qf5 Rd6 23. f4 Nge7 24. Qd3 Bf6 25. Rf1 Rg8 26. fxg5 hxg5 27. Ref2 Be5 28.
Rxf7 Rh6 29. Bg4 Qb8 30. Kg2 Qd6 31. Rf8 Rxf8 32. Rxf8+ Kg7 33. Qf1 Rf6 34. h6+
Kxf8 0-1

[Event "Mitropa Cup"]
[Site "Charleville (Frankreich)"]
[Date "2000.11.28"]
[Round "4.3"]
[White "Jelen, Igor"]
[Black "Pisk, Petr"]
[Result "1/2-1/2"]
[WhiteElo "2429"]
[BlackElo "2400"]
[Annotator "SLOVENIE-REPUBLIQUE TCHEQUE"]
[PlyCount "68"]
[EventDate "2000.11.28"]

1. d4 d5 2. c4 e6 3. Nf3 c5 4. cxd5 exd5 5. Nc3 Nc6 6. g3 Nf6 7. Bg2 Be7 8. O-O
O-O 9. Bg5 cxd4 10. Nxd4 h6 11. Be3 Bg4 12. Qa4 Ne5 13. Rad1 Nc4 14. Bc1 Nb6
15. Qb5 Rc8 16. h3 Bd7 17. Qd3 Bb4 18. Ncb5 a6 19. a3 Bc5 20. Nc3 Bxd4 21. Qxd4
Rc4 22. Qd3 d4 23. Nb1 Bb5 24. Bf4 Re8 25. Rfe1 Nbd5 26. Qd2 Ba4 27. Rc1 Rxc1
28. Qxc1 d3 29. exd3 Rxe1+ 30. Qxe1 Nxf4 31. gxf4 Qxd3 32. Nc3 Bc6 33. Bxc6
bxc6 34. Qe3 Qd6 1/2-1/2

[Event "Mitropa Cup"]
[Site "Charleville (Frankreich)"]
[Date "2000.11.28"]
[Round "4.4"]
[White "Vrana, Frantisek"]
[Black "Kos, Toni"]
[Result "0-1"]
[WhiteElo "2285"]
[BlackElo "2400"]
[Annotator "REPUBLIQUE TCHEQUE-SLOVENIE"]
[PlyCount "56"]
[EventDate "2000.11.28"]

1. e4 Nc6 2. d4 d6 3. Nf3 Nf6 4. Nc3 Bg4 5. Be3 e5 6. dxe5 dxe5 7. Qxd8+ Rxd8
8. Bb5 Bxf3 9. gxf3 a6 10. Bxc6+ bxc6 11. Ke2 Nh5 12. Rad1 Bd6 13. Rd3 O-O 14.
Nb1 f5 15. Rc3 fxe4 16. fxe4 Nf4+ 17. Bxf4 Rxf4 18. f3 Rdf8 19. Rf1 Rh4 20. Rf2
Rf6 21. Kf1 Rfh6 22. Kg1 Bb4 23. Rc4 Ba5 24. Kh1 Be1 25. Rg2 Rh3 26. Nd2 Rd6
27. Nf1 Rxf3 28. Ng3 Bf2 0-1

[Event "Mitropa Cup"]
[Site "Charleville (Frankreich)"]
[Date "2000.11.28"]
[Round "4.1"]
[White "Arlandi, Ennio"]
[Black "Plachetka, Jan"]
[Result "1-0"]
[WhiteElo "2437"]
[BlackElo "2373"]
[Annotator "ITALIE-SLOVAQUIE"]
[PlyCount "53"]
[EventDate "2000.11.28"]

1. d4 Nf6 2. c4 c5 3. d5 b5 4. cxb5 a6 5. e3 g6 6. Nc3 Bg7 7. a4 O-O 8. Bc4
axb5 9. Bxb5 Bb7 10. Nge2 e6 11. e4 exd5 12. exd5 Na6 13. O-O Nb4 14. Nf4 Re8
15. Nd3 Rc8 16. Nxb4 cxb4 17. Na2 Nxd5 18. Qb3 Re4 19. Bd2 Be5 20. Rfe1 Qh4 21.
g3 Nc3 22. Bf1 Bxg3 23. fxg3 Rxe1 24. gxh4 Rxa1 25. bxc3 Ba6 26. Bc1 bxc3 27.
Bxa6 1-0

[Event "Mitropa Cup"]
[Site "Charleville (Frankreich)"]
[Date "2000.11.28"]
[Round "4.3"]
[White "Borgo, Giulio"]
[Black "Balogh, Tomas"]
[Result "1-0"]
[WhiteElo "2391"]
[BlackElo "2421"]
[Annotator "ITALIE-SLOVAQUIE"]
[PlyCount "51"]
[EventDate "2000.11.28"]

1. e4 e5 2. Nf3 Nf6 3. Nc3 Nc6 4. d4 exd4 5. Nxd4 Bb4 6. Nxc6 bxc6 7. Bd3 d5 8.
exd5 cxd5 9. Qe2+ Qe7 10. Bb5+ Bd7 11. Bxd7+ Kxd7 12. Be3 Rhb8 13. O-O Bc5 14.
Rad1 c6 15. Bxc5 Qxc5 16. Ne4 Qe7 17. Nxf6+ Qxf6 18. c4 Rxb2 19. Qe3 Rxa2 20.
cxd5 c5 21. d6 Ra6 22. Qh3+ Qe6 23. Qf3 Rb8 24. Rfe1 Qf6 25. Qg4+ Kd8 26. Qe2
1-0

[Event "Mitropa Cup"]
[Site "Charleville (Frankreich)"]
[Date "2000.11.28"]
[Round "4.4"]
[White "Kujovic, Michal"]
[Black "Lanzani, Mario"]
[Result "1/2-1/2"]
[WhiteElo "2244"]
[BlackElo "2419"]
[Annotator "SLOVAQUIE-ITALIE"]
[PlyCount "116"]
[EventDate "2000.11.28"]

1. b3 Nf6 2. Bb2 g6 3. f4 Bg7 4. Nf3 O-O 5. e3 b6 6. Be2 Bb7 7. O-O c5 8. Ne5
d6 9. Bf3 Qc7 10. Bxb7 Qxb7 11. Qf3 Qxf3 12. Nxf3 Nc6 13. a3 b5 14. Nc3 Nd5 15.
Nd1 a5 16. Bxg7 Kxg7 17. Nb2 Nb6 18. a4 b4 19. d4 cxd4 20. exd4 Rfc8 21. g3 e6
22. Rad1 Ne7 23. Ne1 Rc7 24. Rd3 Rac8 25. Nd1 Ned5 26. Rff3 f5 27. Kf1 h6 28.
Ke2 g5 29. Kd2 Nf6 30. Kc1 Ne4 31. Ne3 g4 32. Rf1 Nc3 33. N1g2 Kf6 34. Re1 h5
35. Kb2 Ncd5 36. Rd2 Nc3 37. Rd3 Nbd5 38. Nxd5+ Nxd5 39. Rd2 Nc3 40. Ne3 d5 41.
Ng2 Ne4 42. Rde2 Rc3 43. Nh4 R8c6 44. Ng2 Rf3 45. Nh4 Rcc3 46. Kc1 Rf2 47. Rxf2
Nxf2 48. Re2 Ne4 49. Re1 Nf2 50. Re2 Nh3 51. Kd2 Rc6 52. Re3 Nf2 53. Ng2 Ne4+
54. Kd1 Nc3+ 55. Kc1 Ne4 56. Kd1 Nc3+ 57. Kc1 Ne4 58. Kd1 Nc3+ 1/2-1/2